| 000 | 00683nam a2200169 4500 | ||
|---|---|---|---|
| 001 | 114146 | ||
| 003 | ES-MaACL | ||
| 005 | 20230906190103.0 | ||
| 007 | t| | ||
| 008 | 061121s1974 sp r ||||1| spa d | ||
| 100 | 1 |
_aPalomeque Torres, Antonio. _988689 |
|
| 245 | 1 | 4 |
_aLos estudios universitarios en Cataluña bajo la reacción absolutista y el triunfo liberal hasta la reforma de Pidal _b: (1824-1845) / _cAntonio Palomeque Torres. |
| 260 |
_aBarcelona : _bUniversidad, Departamento de Historia Contemporánea, _c1974. |
||
| 300 |
_a798 p. ; _c21 cm. |
||
| 710 | 2 |
_aUniversidad de Barcelona. _bDepartamento de Historia Contemporánea. _97143 |
|
| 852 |
_aES-MaACL _jA-8831 _bR.97809 |
||
| 999 |
_c114146 _d114146 |
||